[Event "Southend op 60th"]
[Site "Southend"]
[Date "2016.03.27"]
[Round "6"]
[White "Paveliuc, Alin Dumitru"]
[Black "Klingher, Dominic"]
[Result "0-1"]
[WhiteElo "1845"]
[BlackElo "2070"]
[PlyCount "74"]
[EventDate "2016.03.25"]
[EventType "swiss"]
[EventRounds "7"]
[EventCountry "ENG"]
[SourceTitle "EXT 2017"]
[Source "ChessBase"]
[SourceDate "2016.10.25"]
[SourceVersion "1"]
[SourceVersionDate "2016.10.25"]
[SourceQuality "1"]

1. b3 e5 2. Bb2 Nf6 3. e3 Nc6 4. Bb5 Bd6 5. Na3 a6 6. Bxc6 dxc6 7. Nc4 Qe7 8. Nxd6+ cxd6 9. d3 0-0 10. Qd2 Bd7 11. e4 Nh5 12. Ne2 f5 13. exf5 Bxf5 14. 0-0 Qh4 15. f4 e4 16. Nd4 exd3 17. Nxf5 Rxf5 18. Qxd3 Raf8 19. g3 Qg4 20. Kh1 Qh3 21. Rae1 Rd5 22. Qf3 Rd2 23. Rf2 Nxg3+ 24. Kg1 Ne2+ 25. Qxe2 Rxe2 26. Rfxe2 h5 27. Rg2 Rf7 28. Re8+ Kh7 29. Rg5 Qf3 30. f5 h4 31. h3 Qd1+ 32. Kh2 Qxc2+ 33. Kh1 Qb1+ 34. Kg2 Qxb2+ 35. Kf3 Qc3+ 36. Kg4 Qg3+ 37. Kh5 Rxf5 0-1

[Event "Southend op 60th"]
[Site "Southend"]
[Date "2016.03.25"]
[Round "1"]
[White "Spence, David"]
[Black "Paveliuc, Alin Dumitru"]
[Result "1-0"]
[WhiteElo "2177"]
[BlackElo "1845"]
[PlyCount "67"]
[EventDate "2016.03.25"]
[EventType "swiss"]
[EventRounds "7"]
[EventCountry "ENG"]
[SourceTitle "CBM 171 Extra"]
[Source "ChessBase"]
[SourceDate "2016.04.26"]
[SourceVersion "1"]
[SourceVersionDate "2016.04.26"]
[SourceQuality "1"]

1. e4 c5 2. c3 Qa5 3. Na3 Nc6 4. Nf3 e6 5. g3 Nf6 6. e5 Nd5 7. Bg2 b5 8. 0-0 Be7 9. Re1 Bb7 10. d3 0-0-0 11. c4 Nc7 12. cxb5 Nxb5 13. Nc4 Qa6 14. Ng5 d5 15. exd6 Nxd6 16. Nxd6+ Rxd6 17. Nxf7 Rxd3 18. Qg4 Nd4 19. Be3 Rf8 20. Bxb7+ Kxb7 21. Bxd4 Rxf7 22. Qe4+ Kb8 23. Bxg7 Rd2 24. Be5+ Bd6 25. f4 Rd7 26. Bc3 Rd3 27. Qxe6 c4 28. Qxd7 Bc5+ 29. Bd4 Bxd4+ 30. Kh1 Qb7+ 31. Qxb7+ Kxb7 32. Rac1 Bxb2 33. Rxc4 Ba3 34. Rb1+ 1-0

[Event "Hampstead op U1900 34th"]
[Site "Hampstead"]
[Date "2015.11.28"]
[Round "2"]
[White "Paveliuc, Alin Dumitru"]
[Black "Roebuck, Derek"]
[Result "1/2-1/2"]
[WhiteElo "1859"]
[BlackElo "1722"]
[PlyCount "62"]
[EventDate "2015.11.28"]
[EventType "swiss"]
[EventRounds "5"]
[EventCountry "ENG"]
[SourceTitle "EXT 2018"]
[Source "ChessBase"]
[SourceDate "2017.10.13"]
[SourceVersion "1"]
[SourceVersionDate "2017.10.13"]
[SourceQuality "1"]

1. e4 e5 2. Nf3 Nc6 3. d4 exd4 4. c3 d5 5. exd5 Qxd5 6. cxd4 Bg4 7. Nc3 Bb4 8. a3 Bxf3 9. axb4 Qe6+ 10. Be2 Bxe2 11. Nxe2 Nxb4 12. 0-0 Ne7 13. Qa4+ Nbc6 14. Nf4 Qe4 15. Qb5 0-0 16. d5 Qb4 17. Qe2 Nd4 18. Qe5 Rfe8 19. Be3 Nef5 20. Qxc7 Nxe3 21. fxe3 Rac8 22. Qa5 Qxa5 23. Rxa5 Rxe3 24. Rxa7 Rb3 25. Rd1 Nf5 26. d6 Rd8 27. d7 Kf8 28. Nd5 Rxb2 29. g4 Nd6 30. Re1 Rc2 31. Nb6 Rc7 1/2-1/2

[Event "London Golders Green op U1900 3rd"]
[Site "London"]
[Date "2014.05.05"]
[Round "6"]
[White "Paveliuc, Alin Dumitru"]
[Black "Bovtramovics, Vladimirs"]
[Result "0-1"]
[WhiteElo "1898"]
[BlackElo "1749"]
[PlyCount "60"]
[EventDate "2014.05.03"]
[EventType "swiss"]
[EventRounds "6"]
[EventCountry "ENG"]
[SourceTitle "EXT 2018"]
[Source "ChessBase"]
[SourceDate "2017.10.13"]
[SourceVersion "1"]
[SourceVersionDate "2017.10.13"]
[SourceQuality "1"]

1. e4 c5 2. Nf3 Nc6 3. d4 cxd4 4. Nxd4 e5 5. Nb5 d6 6. N1c3 a6 7. Na3 b5 8. Nd5 f5 9. g3 f4 10. Bg2 Nf6 11. 0-0 g5 12. gxf4 gxf4 13. Nxf4 Rg8 14. Kh1 Ng4 15. Nd5 Ra7 16. f4 Qh4 17. h3 Nf2+ 18. Rxf2 Qxf2 19. Nf6+ Kd8 20. Nxg8 Rg7 21. Qf1 Qh4 22. c4 Rg3 23. fxe5 Bg4 24. cxb5 Bxh3 25. Bxh3 Rxh3+ 26. Kg1 Rh1+ 27. Kg2 Qh3+ 28. Kf2 Rxf1+ 29. Ke2 Nd4+ 30. Kd2 Rf2+ 0-1